000 00288nam a22001337a 4500
008 180309b xxu||||| |||| 00| 0 eng d
020 _a9780789480408
041 _aeng
080 _a616-053.2
100 _a8
101 _aPED
245 _aThe first years
_cReiner,R
942 _2udc
_cBK
999 _c44604
_d44604